000 02295cam a2200265 4500
001 L137028
008 070312s2007 xxk f 000 0 eng d
020 _a9780101705721
035 _a(Sirsi) u137028
041 0 _aeng
050 0 4 _a690.241 $2 18
110 1 _aUnited Kingdom
_bDepartment for Culture, Media and Sport
245 0 0 _aHeritage protection for the 21st century
_h[electronic resource]
260 _aLondon
_bTSO
_c2007
490 0 _aCm
_v7057
505 2 _aExecutive summary -- Protecting the historic environment in England: designation; heritage protection and planning; historic environment services at local level -- Protecting the historic environment in Wales -- Protecting the marine historic environment in the UK -- Next steps and how to respond -- Suggested format for new Register entry (England) -- Proposed operation of Historic Asset Consent -- HPR steering, stakeholder and working groups
520 _aThis white paper outlines government's vision for a new heritage protection system. The proposals are based around three main principles: developing a unified approach to the historic environment; exploiting opportunities for inclusion and involvement; and delivering sustainable communities by ensuring heritage protection is an integral part of the planning system. Key proposals include: creating a single system for designating historic places to replace listing, scheduling and registering; merging listed building consent, scheduled monument consent, and conservation area consent with planning permission; and creating a single new Register of Historic Buildings to replace all existing lists and schedules. In addition to heritage protection reforms in England and Wales, the white paper contains UK wide proposals for an improved system of marine heritage protection. Responses required by 1 June 2007.
590 _aKA NTK
650 2 4 _aHERITAGE PROTECTION WHITE PAPER 2007
651 4 _aUnited Kingdom
_y
690 _aBUILT ENVIRONMENT-BUILDING TYPES-HISTORIC BUILDINGS AND ANCIENT MONUMENTS
710 1 _aWales
_bWelsh Assembly Government
856 4 0 _uhttps://www.culture.gov.uk/Reference_library/Consultations/2007_current_consultations/hpr_whitepaper07.htm
_zView the white paper free of charge at www.culture.gov.uk...
942 _n0
999 _c106606
_d106606